Enrique Gaspar. Medio Siglo de Teatro
Bewaard in:
| Hoofdauteur: | |
|---|---|
| Formaat: | Boek |
| Taal: | Undetermined |
| Gepubliceerd in: |
Madrid, España
Gredos
1957
|
| Onderwerpen: | |
| Tags: |
Voeg label toe
Geen labels, Wees de eerste die dit record labelt!
|
MARC
| LEADER | 00000nam a2200000Ia 4500 | ||
|---|---|---|---|
| 008 | 170316s9999 xx 000 0 und d | ||
| 090 | |a 801 P-29e | ||
| 100 | |a Poyán Díaz, Daniel | ||
| 245 | |a Enrique Gaspar. Medio Siglo de Teatro | ||
| 260 | |a Madrid, España | ||
| 260 | |b Gredos | ||
| 260 | |c 1957 | ||
| 300 | |a 269 páginas | ||
| 650 | |a TEORÍA LITERARIA | ||
| 999 | |c 20563 |d 20563 | ||
| 040 | |a cru BVZT | ||
| 942 | |c 15 D |h 801 P-29e |2 z | ||
